[Event "5. Nord-West-Cup"]
[Site "?"]
[Date "2003.??.??"]
[Round "1"]
[White "Schebitz, Stephan"]
[Black "Haase, Sven"]
[Result "0-1"]
[WhiteElo "2180"]
[BlackElo "1652"]
[PlyCount "182"]

1. d4 Nf6 2. Nc3 d5 3. g3 Bf5 4. Bg2 e6 5. Bg5 Be7 6. Bxf6 Bxf6 7. f4 Nd7 8. e4
dxe4 9. Nxe4 Bxe4 10. Bxe4 c6 11. Nf3 Qa5+ 12. c3 O-O-O 13. O-O Rhe8 14. Nd2
Qc7 15. Qa4 Kb8 16. b4 Nb6 17. Qb3 Rd7 18. a4 e5 19. a5 exd4 20. axb6 Qxb6 21.
Nc4 Qc7 22. Bg2 dxc3 23. b5 cxb5 24. Qxb5 Red8 25. Na5 Qb6+ 26. Qxb6 axb6 27.
Nc4 Rc7 28. Ne5 c2 29. Rfc1 Be7 30. Be4 Rd2 31. Nf3 Re2 32. Bd3 Re3 33. Ne1 Bf6
34. Ra2 Rxe1+ 35. Rxe1 c1=Q 36. Rxc1 Rxc1+ 37. Kg2 h6 38. Kf3 Kc7 39. Be4 Rc3+
40. Kg4 Re3 41. Bd5 Re7 42. Ra7 Kb8 43. Ra4 Rd7 44. Bb3 Kc7 45. Re4 b5 46. Re8
Kb6 47. Rf8 Kc5 48. Bxf7 Kb4 49. Bg6 Ka3 50. Ra8+ Kb3 51. Rb8 Re7 52. Kf3 Bd4
53. Be4 b6 54. Rd8 Bc5 55. Rd3+ Kc4 56. Rd1 b4 57. g4 Kc3 58. Rd3+ Kb2 59. Bd5
Ra7 60. Ke4 Ra3 61. Rd1 Kc2 62. Re1 Kd2 63. Rb1 Re3+ 64. Kf5 Kc2 65. Rf1 b3 66.
h4 b2 67. Ba2 Ra3 68. Bb1+ Kd2 69. g5 hxg5 70. hxg5 Ke2 71. Rh1 Ra1 72. Ke4
Ra4+ 73. Kf5 Be3 74. Rh2+ Bf2 75. Kg6 Rxf4 76. Kxg7 Rg4 77. g6 Rg1 78. Bf5 b1=Q
79. Bxb1 Rxb1 80. Kf7 Rc1 81. g7 Rc7+ 82. Kg6 Rc6+ 83. Kh7 Rc7 84. Kh8 Rxg7 85.
Kxg7 Kf3 86. Rh3+ Ke4 87. Kf6 Bc5 88. Ke6 Kd4 89. Rh4+ Kc3 90. Kd5 Kd2 91. Rh3
Bg1 0-1

[Event "5. Nord-West-Cup"]
[Site "?"]
[Date "2003.??.??"]
[Round "1"]
[White "Strunski, Andreas"]
[Black "Kolthoff, Siegmund"]
[Result "0-1"]
[WhiteElo "1642"]
[BlackElo "2180"]
[PlyCount "68"]

1. e4 c5 2. Nf3 e6 3. d4 cxd4 4. Nxd4 a6 5. Nc3 b5 6. Be3 Bb7 7. Be2 d6 8. a3
Nf6 9. f3 Nbd7 10. O-O Be7 11. Qd2 O-O 12. Rad1 Rc8 13. Nb3 Qc7 14. Bf4 e5 15.
Be3 Rfd8 16. Kh1 Nf8 17. Bg5 h6 18. Bh4 Ng6 19. Bg3 d5 20. exd5 Nxd5 21. Nxd5
Bxd5 22. Bd3 Bc4 23. Qe3 Bg5 24. Qe2 Bxd3 25. cxd3 Qc2 26. Qxc2 Rxc2 27. Rf2
Rdc8 28. Rxc2 Rxc2 29. Re1 Rxb2 30. Nc5 a5 31. h4 Be7 32. Bxe5 Nxe5 33. Rxe5
Rb1+ 34. Kh2 Bd6 0-1

[Event "5. Nord-West-Cup"]
[Site "?"]
[Date "2003.??.??"]
[Round "1"]
[White "Zeuner, Michael"]
[Black "Lange, Detlef"]
[Result "1-0"]
[WhiteElo "2165"]
[BlackElo "1630"]
[PlyCount "85"]

1. e4 e5 2. Nc3 Nf6 3. Nf3 Nc6 4. d4 Bb4 5. d5 Ne7 6. Nxe5 Nxe4 7. Qd4 Bxc3+ 8.
bxc3 Nf6 9. Bg5 Nf5 10. Qd3 d6 11. Ng4 h5 12. Nxf6+ gxf6 13. Qe2+ Kf8 14. Bf4
Bd7 15. Kd2 Kg7 16. h4 Ne7 17. Qd3 Bf5 18. Qd4 Ng6 19. f3 Ne5 20. Be2 Qd7 21.
Rhg1 c5 22. dxc6 Qxc6 23. g4 Bg6 24. g5 Rae8 25. gxf6+ Kh7 26. Rg3 Re6 27. Bg5
Rhe8 28. Rag1 Nd7 29. R1g2 Re5 30. c4 Qa4 31. Bd3 Bxd3 32. Qxd3+ Kh8 33. f4
Qb4+ 34. Qc3 Qxc3+ 35. Kxc3 Re3+ 36. Rxe3 Rxe3+ 37. Kd2 Re6 38. f5 Re4 39. Bh6
Rxh4 40. Re2 Ne5 41. c5 Nc4+ 42. Kc3 dxc5 43. Re8+ 1-0

[Event "5. Nord-West-Cup"]
[Site "?"]
[Date "2003.??.??"]
[Round "1"]
[White "Brinkmann, Martin"]
[Black "Kerker, Andreas"]
[Result "0-1"]
[WhiteElo "1622"]
[BlackElo "2151"]
[PlyCount "58"]

1. e4 c5 2. Nf3 Nc6 3. d4 cxd4 4. Nxd4 g6 5. Be3 Bg7 6. Bc4 Nf6 7. f3 O-O 8.
Nc3 Qb6 9. Qd2 Nxe4 10. Nxc6 Nxd2 11. Nxe7+ Kh8 12. Bxb6 Nxc4 13. Bc5 d6 14.
Bf2 Nxb2 15. Ncd5 Nd3+ 16. cxd3 Bxa1 17. O-O Bg7 18. Nc7 Be6 19. Nxa8 Rxa8 20.
d4 Bf6 21. d5 Bd7 22. Rc1 Bxe7 23. Rc7 Rd8 24. Rxb7 Bf6 25. Bxa7 Be8 26. a4 Rd7
27. Rb8 Rxa7 28. Rxe8+ Kg7 29. Re4 Ra5 0-1

[Event "5. Nord-West-Cup"]
[Site "?"]
[Date "2003.??.??"]
[Round "1"]
[White "Nedkov, Petar"]
[Black "Janzen, Christian"]
[Result "1-0"]
[WhiteElo "2149"]
[BlackElo "1616"]
[PlyCount "79"]

1. Nf3 d5 2. b3 g6 3. Bb2 Nf6 4. e3 Bg7 5. d4 O-O 6. Nbd2 Re8 7. Be2 Nbd7 8. c4
e6 9. Rc1 c6 10. Qc2 Nf8 11. O-O h6 12. e4 dxe4 13. Nxe4 Nxe4 14. Qxe4 Qf6 15.
Rfd1 Nh7 16. Rd2 Qe7 17. Qc2 f5 18. Ne5 Bxe5 19. dxe5 Bd7 20. Rcd1 Rad8 21. Qc1
g5 22. Ba3 Qf7 23. Bd6 Bc8 24. Bb8 Rxd2 25. Qxd2 a6 26. c5 Nf8 27. h4 Qg6 28.
Qd4 g4 29. Rd3 Re7 30. Bd6 Rd7 31. Qf4 Nh7 32. f3 h5 33. fxg4 fxg4 34. Qd2 Kg7
35. Rd4 Rf7 36. Bb8 Nf8 37. Bd3 Qh6 38. Qxh6+ Kxh6 39. Rd8 Bd7 40. Bd6 1-0

[Event "5. Nord-West-Cup"]
[Site "?"]
[Date "2003.??.??"]
[Round "1"]
[White "Ungar, Benedict"]
[Black "Wiertzema, Michael"]
[Result "0-1"]
[WhiteElo "1590"]
[BlackElo "2149"]
[PlyCount "80"]

1. Nf3 d5 2. c4 c6 3. g3 g6 4. cxd5 cxd5 5. d3 Bg7 6. Nbd2 Nc6 7. Rb1 Nf6 8. b3
O-O 9. Bb2 Re8 10. Bg2 e5 11. O-O Bg4 12. h3 Bf5 13. Nh4 Be6 14. Nhf3 Nh5 15.
a3 e4 16. dxe4 Bxb2 17. Rxb2 Qe7 18. Qa1 Rad8 19. e3 dxe4 20. Nh2 f5 21. Rc2
Rd3 22. g4 Nf6 23. f3 f4 24. fxe4 fxe3 25. Nc4 Nd7 26. Rc3 Bxc4 27. bxc4 Nde5
28. Rxd3 Nxd3 29. e5 Ncxe5 30. Bd5+ Kh8 31. Qd1 Qh4 32. Qe2 Qxh3 33. Bg2 Qg3
34. Nf3 Nf4 35. Qb2 e2 36. Rf2 Nh3+ 37. Kh1 Nxf2+ 38. Kg1 Nh3+ 39. Kh1 Nf4 40.
Ne1 Qxe1+ 0-1

[Event "5. Nord-West-Cup"]
[Site "?"]
[Date "2003.??.??"]
[Round "1"]
[White "Großkopf, Lars"]
[Black "Niemann, Heinrich"]
[Result "1-0"]
[WhiteElo "2142"]
[BlackElo "1586"]
[PlyCount "93"]

1. d4 d5 2. Nf3 Nf6 3. Bg5 e6 4. e3 Be7 5. c4 b6 6. Nc3 Ba6 7. Qa4+ Qd7 8.
Qxd7+ Nbxd7 9. cxd5 Bxf1 10. Rxf1 exd5 11. Rc1 O-O 12. Ne5 Rfe8 13. Nxd7 Nxd7
14. Bxe7 Rxe7 15. Nxd5 Re4 16. Rxc7 Nf8 17. f3 Ree8 18. Kf2 Ne6 19. Rc2 Red8
20. Nc7 Rac8 21. Rfc1 Nf8 22. Nb5 Ra8 23. a3 a6 24. Nc7 Ra7 25. Rc6 Nd7 26. e4
g6 27. Nd5 b5 28. Rc7 Rxc7 29. Rxc7 Nf8 30. Ke3 Ne6 31. Rc8 Rxc8 32. Ne7+ Kf8
33. Nxc8 Nc7 34. d5 Ke8 35. Kd4 Kd7 36. Nb6+ Kd8 37. e5 Ne8 38. Kc5 Nc7 39. Kc6
h5 40. h4 a5 41. b4 axb4 42. axb4 Na6 43. Kxb5 Nc7+ 44. Kc4 Ne8 45. Kc5 Ng7 46.
g4 g5 47. gxh5 1-0

[Event "5. Nord-West-Cup"]
[Site "?"]
[Date "2003.??.??"]
[Round "1"]
[White "Thamm, Oliver"]
[Black "Eickelkamp, Jan-Hendrik"]
[Result "1-0"]
[WhiteElo "2123"]
[BlackElo "1572"]
[PlyCount "73"]

1. c4 Nf6 2. d4 g6 3. Nc3 d5 4. cxd5 Nxd5 5. e4 Nxc3 6. bxc3 Bg7 7. Bc4 c5 8.
Qb3 O-O 9. d5 a6 10. a4 Qa5 11. Bb2 Nd7 12. Ne2 Ne5 13. O-O Bd7 14. f4 Nxc4 15.
Qxc4 Rfc8 16. Qb3 b5 17. axb5 Qxb5 18. Qc2 c4 19. Qd2 Ra7 20. h3 Rd8 21. Ba3
Qb6+ 22. Kh1 Rc8 23. Rfb1 Qc7 24. Bb4 a5 25. Qe3 Re8 26. Bc5 Rb7 27. Bb6 Qb8
28. Rxa5 e6 29. e5 exd5 30. Rxd5 Bf6 31. Rb4 Be6 32. Rd1 Be7 33. Bc5 Bxc5 34.
Qxc5 Rxb4 35. Qxb4 Qxb4 36. cxb4 Rb8 37. Rb1 1-0

[Event "5. Nord-West-Cup"]
[Site "?"]
[Date "2003.??.??"]
[Round "1"]
[White "Frerichs, Manfred"]
[Black "Wichelmann, Martin"]
[Result "0-1"]
[WhiteElo "1567"]
[BlackElo "2119"]
[PlyCount "98"]

1. e4 c5 2. Nf3 Nc6 3. g3 Nf6 4. d3 d5 5. Nbd2 dxe4 6. dxe4 g6 7. c3 Bg7 8. Bg2
O-O 9. O-O h6 10. Re1 Be6 11. Qc2 Qd7 12. Nb3 b6 13. Bf4 Rfd8 14. Rad1 Qe8 15.
Ne5 Nxe5 16. Bxe5 Rac8 17. a3 Qa4 18. Nd4 Qxc2 19. Nxc2 Bb3 20. Rxd8+ Rxd8 21.
Na1 Be6 22. Bf4 Ng4 23. f3 Ne5 24. Bc1 Nc4 25. Nc2 Na5 26. Na1 Ba2 27. Bf1 Nc4
28. Bxc4 Bxc4 29. Nc2 Bb3 30. Ne3 b5 31. Nf1 a6 32. Nd2 Bc2 33. f4 a5 34. Nf3
b4 35. cxb4 axb4 36. axb4 cxb4 37. Re2 Rd1+ 38. Re1 Rxe1+ 39. Nxe1 Bxe4 40. Kf2
Bd4+ 41. Kf1 f5 42. Ng2 Bxg2+ 43. Kxg2 b3 44. Kf3 Kf7 45. h3 h5 46. g4 hxg4+
47. hxg4 Ke6 48. g5 Kd5 49. Ke2 Ke4 0-1

[Event "5. Nord-West-Cup"]
[Site "?"]
[Date "2003.??.??"]
[Round "1"]
[White "Potthammel, Jörg"]
[Black "Meyer, Eric"]
[Result "1-0"]
[WhiteElo "2107"]
[BlackElo "1568"]
[PlyCount "45"]

1. e4 e6 2. d4 d5 3. Nc3 Nf6 4. Bg5 Be7 5. e5 Nfd7 6. h4 h6 7. Bxe7 Qxe7 8. Qg4
O-O 9. f4 c5 10. dxc5 Nxc5 11. Nge2 Nc6 12. O-O-O b5 13. Ng3 a6 14. Nh5 f5 15.
exf6 Rxf6 16. Nxf6+ Qxf6 17. Qf3 b4 18. Nxd5 Qf8 19. Nb6 Nd4 20. Qxa8 Qxf4+ 21.
Kb1 Ne4 22. Qxc8+ Kh7 23. Bd3 1-0

[Event "5. Nord-West-Cup"]
[Site "?"]
[Date "2003.??.??"]
[Round "1"]
[White "Schallück, Hans-Christian"]
[Black "Paust, Wolf-Dieter"]
[Result "0-1"]
[WhiteElo "1567"]
[BlackElo "2107"]
[PlyCount "74"]

1. e4 c5 2. c3 e6 3. d4 d5 4. e5 Nc6 5. Nf3 Qb6 6. Be2 Nge7 7. O-O Bd7 8. Na3
cxd4 9. cxd4 Nf5 10. Nc2 Be7 11. a3 a5 12. b3 Qxb3 13. Bd2 Qb6 14. Rb1 Qc7 15.
Bb5 O-O 16. g4 Nh4 17. Nxh4 Bxh4 18. g5 Nb4 19. Bxd7 Nxc2 20. Rc1 Qxd7 21. Rxc2
Qa4 22. Be3 Kh8 23. Rc7 Qxd1 24. Rxd1 f6 25. gxf6 gxf6 26. Bf4 Rg8+ 27. Kf1 Rg7
28. Rdc1 Bg5 29. Rxg7 Kxg7 30. Rc7+ Kg6 31. Bxg5 fxg5 32. Rxb7 h5 33. Rb5 Kf5
34. f3 Kf4 35. Kg2 Rc8 36. Rxa5 Rc2+ 37. Kh3 g4+ 0-1

[Event "5. Nord-West-Cup"]
[Site "?"]
[Date "2003.??.??"]
[Round "1"]
[White "Behl, Torsten"]
[Black "Marschall, Norbert"]
[Result "1-0"]
[WhiteElo "2094"]
[BlackElo "1560"]
[PlyCount "35"]

1. e4 c5 2. Nf3 d6 3. d4 cxd4 4. Nxd4 Nf6 5. Nc3 a6 6. Be3 e5 7. Nb3 Nc6 8. Nd5
Nxd5 9. exd5 Na5 10. Bd3 Be7 11. O-O b5 12. Qd2 Nxb3 13. axb3 Bg4 14. Rxa6 Rb8
15. f4 O-O 16. f5 f6 17. Qb4 Qd7 18. Qxg4 1-0

[Event "5. Nord-West-Cup"]
[Site "?"]
[Date "2003.??.??"]
[Round "1"]
[White "Otte, Klaus"]
[Black "Jordan, Jürgen"]
[Result "0-1"]
[WhiteElo "1541"]
[BlackElo "2094"]
[PlyCount "52"]

1. e4 c5 2. Nf3 Nc6 3. d4 cxd4 4. Nxd4 Qb6 5. Nxc6 bxc6 6. Nc3 e5 7. Bc4 Nf6 8.
Qe2 Be7 9. O-O O-O 10. b3 d6 11. Be3 Qa5 12. Bd2 Qc7 13. f4 Bg4 14. Qd3 Rad8
15. h3 d5 16. exd5 cxd5 17. Bb5 e4 18. Qg3 Bh5 19. Be2 Bxe2 20. Nxe2 Qxc2 21.
Qc3 Rc8 22. Qxc2 Rxc2 23. Rfd1 e3 24. Bxe3 Rxe2 25. Bxa7 Ra8 26. Bd4 Raxa2 0-1

[Event "5. Nord-West-Cup"]
[Site "?"]
[Date "2003.??.??"]
[Round "1"]
[White "Hilverda, Alexander"]
[Black "Meyer, Peter"]
[Result "1-0"]
[WhiteElo "2083"]
[BlackElo "1541"]
[PlyCount "53"]

1. e4 c6 2. d4 d5 3. Nd2 dxe4 4. Nxe4 Nd7 5. Bc4 Ngf6 6. Ng5 e6 7. f4 Nb6 8.
Bb3 h6 9. N5f3 c5 10. c3 cxd4 11. Nxd4 Bc5 12. Ngf3 Qc7 13. O-O Nbd5 14. Ne5
O-O 15. Kh1 a6 16. Qe2 b5 17. Ndf3 Bb7 18. a4 Rfd8 19. Bd2 Qb6 20. a5 Qc7 21.
c4 bxc4 22. Bxc4 Nb4 23. Nxf7 Kxf7 24. Qxe6+ Kf8 25. Ne5 Bxg2+ 26. Kxg2 Rxd2+
27. Kh3 1-0

[Event "5. Nord-West-Cup"]
[Site "?"]
[Date "2003.??.??"]
[Round "1"]
[White "Adam, Detlef"]
[Black "Meijer, Johannes"]
[Result "1-0"]
[WhiteElo "2066"]
[BlackElo "1500"]
[PlyCount "33"]

1. e4 c6 2. d4 d5 3. exd5 cxd5 4. Bd3 Nf6 5. Nf3 Bg4 6. c3 Nc6 7. h3 Bh5 8.
Nbd2 e6 9. Qa4 Nd7 10. Bb5 Qc7 11. O-O Bd6 12. Re1 h6 13. c4 dxc4 14. Qxc4 Rc8
15. d5 Nb6 16. Qb3 Bh2+ 17. Nxh2 1-0

[Event "5. Nord-West-Cup"]
[Site "?"]
[Date "2003.??.??"]
[Round "1"]
[White "Ströcker, Uwe"]
[Black "Gudat, Alfons"]
[Result "0-1"]
[WhiteElo "1452"]
[BlackElo "2063"]
[PlyCount "62"]

1. Nc3 Nf6 2. d4 g6 3. Bg5 Bg7 4. Qd2 h6 5. Bh4 c5 6. e3 cxd4 7. exd4 d5 8. Nf3
Nc6 9. Bb5 g5 10. Bg3 O-O 11. Bxc6 bxc6 12. Be5 Bf5 13. O-O Qd7 14. Ne2 Ne4 15.
Qe3 f6 16. Bg3 Rfe8 17. Nd2 Nd6 18. c3 e5 19. dxe5 fxe5 20. Rad1 d4 21. Qf3 e4
22. Qh5 Bg4 23. Qxe8+ Rxe8 24. f3 exf3 25. gxf3 Rxe2 26. fxg4 Qxg4 27. cxd4
Bxd4+ 28. Kh1 Nf5 29. Rf3 Rxd2 30. Rdf1 Nxg3+ 31. Rxg3 Qe2 0-1

[Event "5. Nord-West-Cup"]
[Site "?"]
[Date "2003.??.??"]
[Round "1"]
[White "van Hove, Ode"]
[Black "Wahrenberg, Ralf"]
[Result "0-1"]
[WhiteElo "1438"]
[BlackElo "2058"]
[PlyCount "128"]

1. e4 e5 2. Nf3 Nc6 3. d4 exd4 4. c3 d5 5. exd5 Qxd5 6. cxd4 Bg4 7. Be2 Bxf3 8.
Bxf3 Qc4 9. Bxc6+ Qxc6 10. O-O O-O-O 11. Be3 Nf6 12. Nc3 Nd5 13. Nxd5 Rxd5 14.
Rc1 Qg6 15. Qa4 a6 16. Qc4 Rd7 17. Rfd1 Bd6 18. d5 Re8 19. Rd4 f5 20. b4 Be5
21. Rdd1 Qh5 22. g3 g5 23. Bd4 f4 24. Bxe5 Rxe5 25. Rd2 Rde7 26. Rdd1 Re4 27.
Qd3 Qe8 28. Qd2 f3 29. Rf1 Qh5 30. Kh1 Qh3 31. Rg1 Re2 32. Qd4 h5 33. d6 Rh7
34. Rxc7+ Rxc7 35. dxc7 Qd7 36. Qh8+ Kxc7 37. Rc1+ Kb6 38. Qf6+ Ka7 39. Qxf3
Qd2 40. Rc7 Re1+ 41. Kg2 Qxb4 42. Qf5 Qb6 43. Rc8 Re2 44. Qf8 Qd4 45. Ra8+ Kb6
46. Qh6+ Kc7 47. Qh7+ Kb6 48. Qh6+ Kc7 49. Qh7+ Qd7 50. Qxh5 Qd5+ 51. Qf3 Qxf3+
52. Kxf3 Rxa2 53. h4 gxh4 54. gxh4 Rd2 55. Re8 Rd7 56. Kg3 a5 57. h5 a4 58. f4
b5 59. Re4 a3 60. Re1 b4 61. Kg4 b3 62. h6 b2 63. Kg5 a2 64. Kg6 b1=Q+ 0-1

[Event "5. Nord-West-Cup"]
[Site "?"]
[Date "2003.??.??"]
[Round "1"]
[White "Janssen, Volker"]
[Black "Bruckmann, Thomas"]
[Result "1-0"]
[WhiteElo "2058"]
[BlackElo "1415"]
[PlyCount "47"]

1. e4 b6 2. d4 Bb7 3. Nc3 Nf6 4. Bd3 e6 5. Nge2 d6 6. O-O Be7 7. f4 O-O 8. e5
Ne8 9. Ne4 Nd7 10. N2g3 c5 11. c3 d5 12. Ng5 Bxg5 13. fxg5 g6 14. Qg4 Ng7 15.
Be3 c4 16. Bc2 Bc6 17. Rf3 Nf5 18. Nxf5 exf5 19. Rxf5 gxf5 20. Qxf5 Re8 21.
Qxh7+ Kf8 22. Rf1 Nxe5 23. dxe5 Qc7 24. g6 1-0

[Event "5. Nord-West-Cup"]
[Site "?"]
[Date "2003.??.??"]
[Round "1"]
[White "Bolduan, Albrecht"]
[Black "Rychlik, Kurt"]
[Result "0-1"]
[WhiteElo "1406"]
[BlackElo "2058"]
[PlyCount "46"]

1. d4 g6 2. e4 Bg7 3. Nf3 d6 4. Nbd2 Nd7 5. Nb3 Ngf6 6. Bd3 O-O 7. Qe2 e5 8. c3
Re8 9. d5 c6 10. c4 a5 11. a4 Qb6 12. Qc2 Nc5 13. Be3 Qxb3 14. Bxc5 Qxc2 15.
Bxc2 dxc5 16. dxc6 bxc6 17. O-O Bg4 18. Nd2 Red8 19. Nb3 Be2 20. Rfe1 Bxc4 21.
Nxc5 Bf8 22. b3 Bxc5 23. bxc4 Rd2 0-1

[Event "5. Nord-West-Cup"]
[Site "?"]
[Date "2003.??.??"]
[Round "1"]
[White "Zotin, Vladimir"]
[Black "Hoppe, Dieter"]
[Result "1-0"]
[WhiteElo "2051"]
[BlackElo "1389"]
[PlyCount "93"]

1. b3 e5 2. Bb2 Nc6 3. e3 d5 4. Bb5 Bd6 5. Nf3 Bg4 6. h3 Bxf3 7. Qxf3 Nf6 8. c4
O-O 9. Bxc6 bxc6 10. O-O Re8 11. d3 Bc5 12. Bxe5 Rxe5 13. d4 Bxd4 14. exd4 Re6
15. Nd2 Qd7 16. Qd3 Rae8 17. Nf3 h6 18. c5 g6 19. Qa6 Kg7 20. Qxa7 Ne4 21. Qb7
f6 22. a4 Ng5 23. Nxg5 fxg5 24. a5 Rf6 25. a6 Rff8 26. a7 Ra8 27. Rae1 h5 28.
Re5 g4 29. hxg4 hxg4 30. Rfe1 Kh6 31. g3 Qf7 32. R1e2 Qf3 33. R5e3 Qf5 34. Qxc7
Qb1+ 35. Kg2 Qf5 36. Re7 Qf3+ 37. Kg1 Rh8 38. Qf4+ Qxf4 39. gxf4 Rhf8 40. R2e6
Rxf4 41. Rxc6 Rxd4 42. Rb6 Rd1+ 43. Kg2 Ra1 44. Rbb7 Ra3 45. Kg3 d4 46. Kxg4
Rf8 47. Rh7# 1-0

[Event "5. Nord-West-Cup"]
[Site "?"]
[Date "2003.??.??"]
[Round "1"]
[White "Toth, Hans-Jürgen"]
[Black "Walter, Stefan"]
[Result "0-1"]
[WhiteElo "1363"]
[BlackElo "2051"]
[PlyCount "68"]

1. d4 f5 2. c4 Nf6 3. Nc3 g6 4. Nf3 Bg7 5. Bf4 O-O 6. e3 d6 7. Be2 Qe8 8. O-O
c6 9. h3 Nbd7 10. Qb3 Kh8 11. Rad1 h6 12. Rd2 Rg8 13. Bd3 e5 14. dxe5 dxe5 15.
Nh4 exf4 16. exf4 Nc5 17. Qc2 Be6 18. Re1 Qf7 19. b4 Nxd3 20. Rxe6 Qxe6 21.
Nxg6+ Kh7 22. Qxd3 Kxg6 23. Re2 Qd7 24. Qc2 Rad8 25. g4 Qd3 26. gxf5+ Kh7 27.
Qb3 Ne4 28. Nxe4 Qxe2 29. c5 Qxe4 30. Qf7 Rd1+ 31. Kh2 Rh1+ 32. Kg3 Rg1+ 33.
Kh4 Qxf4+ 34. Kh5 Rg5# 0-1

[Event "5. Nord-West-Cup"]
[Site "?"]
[Date "2003.??.??"]
[Round "1"]
[White "Park, Heiko"]
[Black "Frenzel, Klaus-Dieter"]
[Result "1/2-1/2"]
[WhiteElo "2034"]
[BlackElo "1301"]
[PlyCount "133"]

1. f4 d6 2. Nf3 g6 3. e3 Bg7 4. d4 Nf6 5. Bd3 O-O 6. O-O Bg4 7. Nbd2 c5 8. c3
Nc6 9. Qb3 Qc7 10. h3 Bd7 11. e4 cxd4 12. Nxd4 a6 13. N2f3 e5 14. Ne2 Be6 15.
Qc2 Rad8 16. Be3 Bc8 17. fxe5 dxe5 18. Rad1 Rfe8 19. Ng3 b5 20. Qf2 Nd7 21. Bc2
Qb7 22. Ng5 Nf6 23. Bb3 Re7 24. Rxd8+ Nxd8 25. Rd1 Rd7 26. Rxd7 Qxd7 27. Bb6
Ne6 28. Nxe6 fxe6 29. Qc5 Ne8 30. a4 Bb7 31. axb5 axb5 32. c4 bxc4 33. Qxc4 Kf7
34. Bc5 Nf6 35. Ba2 Qc6 36. b4 Ba6 37. Qb3 Bb5 38. Qf3 Qd7 39. Nf1 Qd3 40. Ng3
Bh6 41. Qxd3 Bxd3 42. Bb3 Bc1 43. Kf2 Bxe4 44. b5 Bd3 45. b6 Ne4+ 46. Nxe4 Bxe4
47. Bc4 Bb7 48. g3 Bb2 49. Ke3 Bc1+ 50. Kd3 Bg5 51. Kc3 e4 52. Kd4 Bf6+ 53. Ke3
Be7 54. Bd4 Bd6 55. Bb3 Ke7 56. Bb2 Bxg3 57. Bc2 Kd6 58. Bxe4 Bxe4 59. Kxe4 Bf2
60. b7 Kc7 61. Ke5 Kxb7 62. Kxe6 g5 63. Bc1 h6 64. Kf5 Bc5 65. Kg6 Bf8 66. Bb2
Kc7 67. Bf6 1/2-1/2

[Event "5. Nord-West-Cup"]
[Site "?"]
[Date "2003.??.??"]
[Round "1"]
[White "Kohlmann, Arndt"]
[Black "Köhne, Arno"]
[Result "1/2-1/2"]
[WhiteElo "1273"]
[BlackElo "2030"]
[PlyCount "60"]

1. e4 c6 2. d4 d5 3. Nc3 dxe4 4. Nxe4 Nd7 5. Nf3 e6 6. Bd3 Ngf6 7. Bg5 Be7 8.
Qe2 h6 9. Bf4 Nxe4 10. Qxe4 Nf6 11. Qe3 Nd5 12. Qd2 Qb6 13. Rb1 Nxf4 14. Qxf4
Qa5+ 15. c3 Bf6 16. Bc4 O-O 17. O-O b5 18. Bd3 Bb7 19. a3 Rad8 20. Bc2 Qb6 21.
Qe4 g6 22. Qf4 Bg7 23. Rfe1 c5 24. dxc5 Qxc5 25. Ne5 Bxe5 26. Rxe5 Rd5 27. Qxh6
Rxe5 28. Bxg6 fxg6 29. Qxg6+ Kh8 30. Qh6+ Kg8 1/2-1/2

[Event "5. Nord-West-Cup"]
[Site "?"]
[Date "2003.??.??"]
[Round "1"]
[White "Segelken, Peter"]
[Black "Kickert, Germaine"]
[Result "1-0"]
[WhiteElo "2009"]
[BlackElo "1268"]
[PlyCount "39"]

1. d4 d5 2. e4 dxe4 3. Nc3 Nc6 4. d5 Ne5 5. Qd4 Ng6 6. h4 e5 7. Qxe4 Nf6 8. Qc4
Bd6 9. Bg5 Bf5 10. h5 Ne7 11. Bxf6 gxf6 12. O-O-O Qd7 13. Be2 h6 14. Qh4 Ng8
15. Bb5 c6 16. dxc6 bxc6 17. Ba4 Qc7 18. Nd5 Qb7 19. Nxf6+ Nxf6 20. Qxf6 1-0

[Event "5. Nord-West-Cup"]
[Site "?"]
[Date "2003.??.??"]
[Round "1"]
[White "Hartmann, Erwin"]
[Black "Titze, Karsten"]
[Result "1-0"]
[WhiteElo "1200"]
[BlackElo "1940"]
[PlyCount "91"]

1. e4 g6 2. Bc4 e6 3. Nc3 Bg7 4. d4 d6 5. Nge2 h6 6. O-O Ne7 7. Be3 a6 8. a4 b6
9. Ng3 Nd7 10. f4 Bb7 11. f5 d5 12. fxe6 fxe6 13. exd5 exd5 14. Bd3 Nf6 15.
Nce2 Ng4 16. Bd2 Qd7 17. c3 g5 18. Nh5 O-O-O 19. Nxg7 Qd6 20. Ng3 Nf6 21. N7f5
Nxf5 22. Nxf5 Qe6 23. Qf3 Ne4 24. Rad1 Rhf8 25. Qh3 Kb8 26. Bc1 Bc8 27. Ng3 Qd6
28. Qh5 Rxf1+ 29. Rxf1 Nxg3 30. hxg3 Qxg3 31. Qf3 Qh4 32. Bd2 g4 33. Qf4 h5 34.
Be1 Qe7 35. g3 Re8 36. Bf2 Rf8 37. Qe3 Qd7 38. Qd2 Qxa4 39. Be3 Rf3 40. Rxf3
gxf3 41. Kf2 Bg4 42. Qc2 Qa1 43. Bc1 b5 44. b4 Kb7 45. Qb2 Qa4 46. Bc2 1-0

[Event "5. Nord-West-Cup"]
[Site "?"]
[Date "2003.??.??"]
[Round "1"]
[White "zur Brügge, Carsten"]
[Black "Hubbermann, Günter"]
[Result "1-0"]
[WhiteElo "2103"]
[BlackElo "1092"]
[PlyCount "63"]

1. e4 e5 2. Nf3 Nc6 3. Bb5 Nge7 4. O-O a6 5. Ba4 b5 6. Bb3 f5 7. d4 fxe4 8.
Nxe5 Nxe5 9. dxe5 d6 10. Nc3 Bb7 11. Bg5 h6 12. Qh5+ g6 13. Qh3 Qd7 14. Bf7+
Kd8 15. e6 Qc8 16. Bf6 Rh7 17. Bxg6 Bg7 18. Bxe7+ Kxe7 19. Bxh7 Qxe6 20. Qxe6+
Kxe6 21. Bxe4 Bxe4 22. Nxe4 Bxb2 23. Rae1 Re8 24. Nxd6+ Kd7 25. Nxe8 c5 26. f4
c4 27. f5 b4 28. f6 Bd4+ 29. Kh1 a5 30. Rd1 Kxe8 31. f7+ Ke7 32. f8=Q+ 1-0

[Event "5. Nord-West-Cup"]
[Site "?"]
[Date "2003.??.??"]
[Round "1"]
[White "Schermann, Sarah"]
[Black "Korba, Roman"]
[Result "0-1"]
[WhiteElo "895"]
[BlackElo "2096"]
[PlyCount "52"]

1. d4 Nf6 2. c4 g6 3. Nc3 Bg7 4. e3 O-O 5. Bd2 c5 6. d5 d6 7. h3 e6 8. Be2 exd5
9. cxd5 Re8 10. Bd3 Na6 11. a3 Nc7 12. Qb3 b5 13. Bxb5 Rb8 14. a4 a6 15. Qc4
axb5 16. axb5 Bd7 17. b4 cxb4 18. Na4 Bxb5 19. Qb3 Nfxd5 20. Rc1 Ra8 21. Nb2
Ra3 22. Qc2 Ra2 23. Rb1 Qf6 24. Ne2 Bxe2 25. Kxe2 Nc3+ 26. Bxc3 bxc3 0-1

[Event "5. Nord-West-Cup"]
[Site "?"]
[Date "2003.??.??"]
[Round "1"]
[White "Reininga, Jannes"]
[Black "Kharchenko, Denis"]
[Result "1-0"]
[WhiteElo "1630"]
[BlackElo "2206"]
[PlyCount "67"]

1. d4 d5 2. c4 e6 3. Nc3 Nf6 4. Bg5 Nbd7 5. e3 Be7 6. Nf3 h6 7. Bh4 O-O 8. Bd3
b6 9. cxd5 exd5 10. O-O Bb7 11. Rc1 c5 12. Re1 a6 13. Re2 Re8 14. Qd2 Nf8 15.
Rd1 c4 16. Bb1 b5 17. a3 Qb6 18. Ne5 Ne4 19. Nxe4 dxe4 20. Bxe7 Rxe7 21. f4 h5
22. Qb4 Qd8 23. d5 f6 24. Nxc4 bxc4 25. Red2 Rc8 26. Ba2 Kh8 27. Bxc4 a5 28.
Qb3 Rec7 29. Rd4 Ba8 30. d6 Rb7 31. Qc3 Nd7 32. Qd2 Rb6 33. Qe2 Rcb8 34. Qxh5#
1-0

[Event "5. Nord-West-Cup"]
[Site "?"]
[Date "2003.??.??"]
[Round "2"]
[White "Wiertzema, Michael"]
[Black "Jaracz, Pawel"]
[Result "1/2-1/2"]
[WhiteElo "2149"]
[BlackElo "2546"]
[PlyCount "102"]

1. d4 Nf6 2. c4 e6 3. Nc3 Bb4 4. e3 c5 5. Nge2 d5 6. a3 Bxc3+ 7. Nxc3 cxd4 8.
exd4 dxc4 9. Bxc4 Nc6 10. d5 exd5 11. Nxd5 Be6 12. Nxf6+ Qxf6 13. Bxe6 Qxe6+
14. Qe2 Qxe2+ 15. Kxe2 Nd4+ 16. Kd3 O-O-O 17. Kc3 Rd6 18. Be3 Rhd8 19. Bxd4
Rxd4 20. Rac1 Rd2 21. Kb3+ Kb8 22. Rhe1 Rxf2 23. Re7 Rc8 24. Rd1 Rf6 25. a4 a6
26. Ka3 Rc2 27. Rdd7 Rb6 28. Rd8+ Ka7 29. Ree8 Re6 30. Ra8+ Kb6 31. Rxe6+ fxe6
32. Re8 Rxg2 33. Rxe6+ Kc5 34. b4+ Kc4 35. Re7 b6 36. Rc7+ Kd5 37. Ra7 Rxh2 38.
Rxa6 Rh3+ 39. Kb2 Kc4 40. Rxb6 Rb3+ 41. Kc2 Rxb4 42. a5 Ra4 43. a6 g5 44. Rc6+
Kd5 45. Rh6 Rc4+ 46. Kd3 Rc7 47. Rh5 Rg7 48. a7 Rxa7 49. Rxg5+ Ke6 50. Ke3 Kf6
51. Rb5 Kg6 1/2-1/2

[Event "5. Nord-West-Cup"]
[Site "?"]
[Date "2003.??.??"]
[Round "2"]
[White "Levin, Felix"]
[Black "Nedkov, Petar"]
[Result "1-0"]
[WhiteElo "2523"]
[BlackElo "2149"]
[PlyCount "65"]

1. d4 Nf6 2. c4 g6 3. Nc3 Bg7 4. e4 d6 5. Nf3 O-O 6. Be2 Nbd7 7. O-O c5 8. d5
a6 9. a4 Ne8 10. Bg5 Ne5 11. Nxe5 Bxe5 12. f4 Bd4+ 13. Kh1 Ng7 14. Bd3 f5 15.
Qe2 fxe4 16. Bxe4 Bf6 17. Bh6 Rf7 18. g4 Kh8 19. Bd3 b6 20. Ne4 Ra7 21. Ng5
Bxg5 22. Bxg5 Qf8 23. Bh6 Qe8 24. b3 Qg8 25. f5 gxf5 26. gxf5 Bxf5 27. Rg1 e5
28. Bxg7+ Qxg7 29. Rxg7 Kxg7 30. Bxf5 Rxf5 31. Qg4+ Kf6 32. Qh4+ Rg5 33. Qh6+
1-0